| 000 | 01480cam a2200325 i 4500 | ||
|---|---|---|---|
| 003 | SA-RiAUC | ||
| 005 | 20250506090802.0 | ||
| 008 | 250423s1982 pk g b 00010 ara c | ||
| 040 |
_aSA-RiAUC _bara _cSA-RiAUC _erda |
||
| 082 | 0 | 4 |
_a237 _qSA-RiAUC |
| 090 |
_a237 _b س ن د |
||
| 100 | 1 |
_aسندهو، حكيم محمد أشرف _eمؤلف. |
|
| 245 | 1 | 0 |
_aأكمل البيان في شرح حديث نجد قرن الشيطان / _cتأليف حكيم محمد أشرف سندهو ؛ حققه وخرج أصوله عبد القادر بن حبيب السندي. |
| 246 | 3 | 0 | _aحديث نجد قرن الشيطان |
| 250 | _aالطبعة الأولى. | ||
| 264 | 1 |
_aفيصل آباد، باكستان ؛ _aنشاط آباد، باكستان : _bحديث أكارمي، _c1982 |
|
| 300 |
_a63 صفحة ؛ _c22 سم |
||
| 336 |
_aنص _btxt _2rdacontent _3كتاب |
||
| 337 |
_aبدون وسيط _bn _2rdamedia |
||
| 338 |
_aمجلد _bnc _2rdacarrier |
||
| 504 | _aببليوجرافية : صفحة 55-59. | ||
| 504 | _aيشتمل على إرجاعات ببليوجرافية. | ||
| 650 | 7 |
_aالحديث _xالمسانيد _2aucsh |
|
| 650 | 7 |
_aالحديث _xتفاسير _2aucsh |
|
| 650 | 7 |
_aالحديث _xشرح _2aucsh |
|
| 650 | 7 |
_aالحديث _xجوامع الفنون _2aucsh |
|
| 700 | 1 |
_aالسندي، عبد القادر حبيب الله محمد، _d1355-1418 هجري _eمحقق. |
|
| 942 |
_2ddc _cBOOK _n0 |
||
| 949 |
_aSA-JeALM _d250423 _umohamedma123 _n1 |
||
| 999 |
_c7663 _d7663 |
||